000 00753nam a2200253 4500
003 OSt
005 20240716063235.0
006 a
008 240716b |||||||| |||| 00| 0 eng d
020 _a9780072976984
040 _aDWCL-Main lib.
_cOC
082 _2Eighth edition
_aCirc. 620.105 V413 2007
110 _aFerdinand P. Beer
245 _aVector mechanics for engineers: statistics and dynamics /
250 _aEighth edition
260 _aBoston :
_bMcGraw-Hill.,
_cc2007.
300 _axxix,
_b1326 p. : col. ill. ;
_c26 cm.
504 _aIncludes index.
650 _a1. Applied mechanics.
650 _a2. Vector analysis.
650 _a3. Statics.
650 _a4. Dynamics.
942 _2ddc
_n0
_cBK-CIRC
_eEighth edition
_kCirc.
999 _c2255
_d2255